50 Flicks to Click (2000) Quiz Stats

 Plays Quiz Updated Oct 3, 2018

Also try: Click the Flick
Challenge
Share
Tweet
Embed
Score 0/50 Timer 07:00
12 Plays Today
% Correct
Grinch
94.9%
American
92.8%
Bring
92.5%
Parents
92.5%
Men
92.3%
Dude
92.2%
Big
91.9%
Brockovich
91.6%
Tiger
91.5%
Movie
91.2%
Gone
90.9%
Dalmatians
90.8%
Irene
90.8%
Mars
89.8%
Days
89.8%
Women
89.7%
Perfect
89.3%
Groove
87.7%
Brother
87.3%
Coyote
87.3%
Forward
87%
Charlie's
86.3%
Road
84.4%
Best
83.8%
Falls
83.8%
% Correct
Titans
82.9%
Famous
82%
Cast
81.9%
Little
81.4%
Requiem
81.4%
Chicken
81.3%
Space
78.9%
Elliot
78.1%
Honor
76.9%
Shanghai
75.5%
Bagger
74.6%
Horses
73.9%
Fidelity
73.4%
Romeo
73%
Battlefield
72.9%
Thirteen
71.6%
Skip
69.7%
Forrester
67.5%
Carter
65.4%
Beast
62.6%
Man
62.5%
Day
57.8%
Dancer
57.7%
Wonder
57.6%
Titan
55.6%

You're not logged in!

Compare scores with friends on all Sporcle quizzes.
OR
Log In

You Might Also Like...

Show Comments

Extras

Top Quizzes Today


Score Distribution

Your Account Isn't Verified!

In order to create a playlist on Sporcle, you need to verify the email address you used during registration. Go to your Sporcle Settings to finish the process.

Report this User

Report this user for behavior that violates our Community Guidelines.

Details: